书目信息 |
| 题名: |
金融危机深度解读
|
|
| 作者: | 李凤云 编著 | |
| 分册: | ||
| 出版信息: | 北京 人民邮电出版社 2009 |
|
| 页数: | 208页 | |
| 开本: | 24cm | |
| 丛书名: | ||
| 单 册: | ||
| 中图分类: | F831.59 | |
| 科图分类: | ||
| 主题词: | 金融危机--研究--世界 | |
| 电子资源: | ||
| ISBN: | 978-7-115-19644-6 | |
| 000 | 01195nam0 2200241 45 | |
| 001 | 1034531940 | |
| 005 | 20100319083505.53 | |
| 010 | @a978-7-115-19644-6@dCNY29.00 | |
| 100 | @a20100312e2009 em y0chiy0110 ea | |
| 101 | 0 | @achi |
| 102 | @aCN@b110000 | |
| 105 | @ay z 000yy | |
| 106 | @ar | |
| 200 | 1 | @a金融危机深度解读@AJin Rong Wei Ji Shen Du Jie Dou@f李凤云编著@FLi Feng Yun Bian Zhu |
| 210 | @a北京@c人民邮电出版社@d2009 | |
| 215 | @a208页@d24cm | |
| 330 | @a本书首先从金融危机爆发所表现出的各项事态和现象着手,如美国政府接管两房、雷曼兄弟公司破产、美联储接管AIG等一系列事件,全面介绍了金融危机这一现象及其产生过程;然后对危机产生的原因做了全方位的解读分析,对如何解救金融危机以及世界各主要国家已经采取的各种救市举措做了全面的分析和介绍;最后就金融危机对中国经济产生的影响进行了深刻剖析与预测,指出了中国应采取的化解危机影响的应对措施,并对中国该如何适时把握蕴藏在此次危机中的机遇,深化经济改革、转变经济增长方式、提升经济结构提出了具体的看法。 | |
| 510 | 1 | @aDeep Understanding of the Financial Crisis@zeng |
| 606 | 0 | @a金融危机@x研究@y世界 |
| 690 | @aF831.59@v4 | |
| 701 | 0 | @a李凤云@ALi Feng Yun@4编著 |
| 801 | 0 | @aCN@bTANGWEI@c20100319 |
| 905 | @b0586022-24@dF831.59@e37@f3 | |
| 金融危机深度解读/李凤云编著.-北京:人民邮电出版社,2009 |
| 208页;24cm |
| ISBN 978-7-115-19644-6:CNY29.00 |
| 本书首先从金融危机爆发所表现出的各项事态和现象着手,如美国政府接管两房、雷曼兄弟公司破产、美联储接管AIG等一系列事件,全面介绍了金融危机这一现象及其产生过程;然后对危机产生的原因做了全方位的解读分析,对如何解救金融危机以及世界各主要国家已经采取的各种救市举措做了全面的分析和介绍;最后就金融危机对中国经济产生的影响进行了深刻剖析与预测,指出了中国应采取的化解危机影响的应对措施,并对中国该如何适时把握蕴藏在此次危机中的机遇,深化经济改革、转变经济增长方式、提升经济结构提出了具体的看法。 |
| ● |
| 相关链接 |
|
|
|
|
正题名:金融危机深度解读
索取号:F831.59/37
 
预约/预借
| 序号 | 登录号 | 条形码 | 馆藏地/架位号 | 状态 | 备注 |
| 1 | 0586022 | 205860228 | 第一样本阅览室/ [索取号:F831.59/37] | 在馆 | |
| 2 | 0586023 | 205860237 | 第一借阅区/ [索取号:F831.59/37] | 在馆 | |
| 3 | 0586024 | 205860246 | 密集书库-海洋学院/ [索取号:F831.59/37] | 在馆 |